THE FOUR LOVES (Record no. 2434)
[ view plain ]
| 000 -LEADER | |
|---|---|
| fixed length control field | 00533nam a22001457a 4500 |
| 020 ## - INTERNATIONAL STANDARD BOOK NUMBER | |
| ISBN | 0-00-628089-7 |
| 082 ## - DEWEY DECIMAL CLASSIFICATION NUMBER | |
| Classification number | 823 |
| Item number | LEW/L |
| 100 ## - MAIN ENTRY--AUTHOR NAME | |
| Personal name | LEWIS C S |
| 245 ## - TITLE STATEMENT | |
| Title | THE FOUR LOVES |
| 260 ## - PUBLICATION, DISTRIBUTION, ETC. (IMPRINT) | |
| Place of publication | LONDON |
| Name of publisher | HARPER COLLINS |
| 300 ## - PHYSICAL DESCRIPTION | |
| Number of Pages | 134 |
| 520 ## - SUMMARY, ETC. | |
| Summary, etc | The Four Loves (1960) is an exploration of love in its different forms. By tracing how each form is motivated, author C. S. Lewis identifies love's gifts and shortcomings, and reveals how God's Divine Love can beautify all our relationships. |
| 650 ## - SUBJECT ADDED ENTRY--TOPICAL TERM | |
| Topical Term | NOVEL |
| Geographic subdivision | LONDON |
| 942 ## - ADDED ENTRY ELEMENTS (KOHA) | |
| Koha item type | Books |
| Withdrawn status | Lost status | Collection code | Home library | Current library | Shelving location | Date acquired | Source of acquisition | Full call number | Accession Number | Koha item type |
|---|---|---|---|---|---|---|---|---|---|---|
| Fiction | Main Library | Main Library | SHELF-2-E ENGLIAH NOVEL TEACHERS | 26/03/2014 | PURCHASE | 823 LEW/L | 08235 | Books |